Matemáticas: una breve introducción
I tiakina i:
| Kaituhi matua: | |
|---|---|
| Hōputu: | Pukapuka |
| Reo: | Pāniora |
| I whakaputaina: |
Madrid
Alianza
2014
|
| Putanga: | 2a. ed |
| Ngā marau: | |
| Ngā Tūtohu: |
Tāpirihia he Tūtohu
Kāore He Tūtohu, Me noho koe te mea tuatahi ki te tūtohu i tēnei pūkete!
|
MARC
| LEADER | 00000cam a2200000 a 4500 | ||
|---|---|---|---|
| 001 | UCC0394 | ||
| 003 | CL-VaPUC | ||
| 008 | 170811e20140000sp |||||||||||||||||spa|d | ||
| 020 | |a 9788420691817 | ||
| 082 | 0 | 4 | |a 510.1 |b GOW |2 21 |
| 100 | |a Gowers, Timothy |e author |9 594344 | ||
| 245 | 1 | 0 | |a Matemáticas: una breve introducción |
| 250 | |a 2a. ed | ||
| 300 | |a 214 p | ||
| 942 | |c BK | ||
| 945 | |d 20170811 15:21:00 |a dcastane | ||
| 260 | |a Madrid |b Alianza |c 2014 | ||
| 650 | 0 | |a Matemática |9 260235 | |
| 650 | 0 | |a Filosofía de las matemáticas |9 265233 | |
| 583 | |a last modification |c 20170811 15:21:00 |k Rodrigo Vera | ||
| 999 | |c 369245 |d 369243 | ||